000 00961nam a2200253Ia 4500
003 GCL
008 140319s9999 xx 000 0 ara d
020 _a4665274977
040 _aGCL /
_cGCL
082 0 4 _a956.904
_bم ق
100 1 _aمحمد خالد الازعر
245 1 0 _aالقدس :
_bبين الانتفاض والتفاوض /
_cمحمد خالد الازعر
250 _aالاولى
260 _aالقاهرة :
_bمركز الاعلام العربى ،
_c2001
300 _a190 ص ؛
_c24 سم
490 _aكتاب القدس
_v7
650 0 4 _aالنزاع العربى الاسرائيلى
650 0 4 _aالمقاومة الفلسطينية
650 0 4 _aالانتفاضة الفلسطينية
650 0 4 _aالفدائيون الفلسطينيون
650 0 4 _aالصهيونية واليهودية
650 0 4 _aفلسطين - تاريخ - العصر الحديث - الاحتلال الصهيونى
942 _2ddc
_cBK
999 _c8881
_d8881